LIBRARY & INFORMATION CENTRE, KCAET, TAVANUR

ONLINE PUBLIC ACCESS CATALOGUE (OPAC)

Industrial bio-technology / (Record no. 4778)

MARC details
000 -LEADER
fixed length control field 00550cam a2200205ua 4500
003 - CONTROL NUMBER IDENTIFIER
control field OSt
008 - FIXED-LENGTH DATA ELEMENTS--GENERAL INFORMATION
fixed length control field 250228b |||||||| |||| 00| 0 eng d
020 ## - INTERNATIONAL STANDARD BOOK NUMBER
ISBN 81 204 0710 5
041 ## - LANGUAGE CODE
Language code of text/sound track or separate title eng
082 ## - DEWEY DECIMAL CLASSIFICATION NUMBER
Classification number 660.6
Item number MAL/IN
100 ## - MAIN ENTRY--AUTHOR NAME
Personal name Malik, Vedpals .
245 ## - TITLE STATEMENT
Title Industrial bio-technology /
260 ## - PUBLICATION, DISTRIBUTION, ETC. (IMPRINT)
Place of publication New Delhi :
Name of publisher Oxford & IBH Publishing company ,
Year of publication 1992.
300 ## - PHYSICAL DESCRIPTION
Number of Pages 621p.
500 ## - GENERAL NOTE
General note ** Reference
700 1# - ADDED ENTRY--PERSONAL NAME
Personal name Sridhar padma, ed. .
700 1# - ADDED ENTRY--PERSONAL NAME
Personal name Sharma, MC; ed.
700 1# - ADDED ENTRY--PERSONAL NAME
Personal name Polasa, H;ed.
942 ## - ADDED ENTRY ELEMENTS (KOHA)
Koha item type Books
Holdings
Withdrawn status Lost status Damaged status Home library Current library Date acquired Source of acquisition Cost, normal purchase price Full call number Accession Number Koha item type
      KAUAET KAUAET 18/02/2025 Current Books, Thrissur 695.00 660.6 MAL/IN 20039 Books
free website counter